00775nam a22002177a 45000010005000000030008000050050017000130080041000300350018000710400026000890410008001150820022001231100049001452450154001942600038003483000022003865000076004086500024004847000016005087100033005248601BD-RjUL20211208234622.0190114s1966 nyu f000 0 eng d a(BD-RjUL)8646 aBD-RjULbengcBD-RjUL aeng04218a530bITP 19662 aScuola Internazionale di Fisica.bCourse 35.10aProceedings of the International School of Physics "Enrico Fermi", course 35 :bHigh-energy astrophysics /ced. by L. Gratton, 12th - 24th July 1965. aNew York : bAcademic Pr, c1966. a 463 p. ;c23 cm. aTitlep. also in Italian. At head of titlep.: Italian Physical Society.072SLSHaAstrophysics.1 aGratton, L.2 aSocietà italiana di fisica